Characterisation of interneurons in lamina II of the rat spinal cord /
Saved in:
| Main Author: | |
|---|---|
| Format: | Thesis Book |
| Language: | English |
| Published: |
2011.
|
| Subjects: | |
| Tags: |
Add Tag
No Tags, Be the first to tag this record!
|
| LEADER | 01275cam a2200313 i 4500 | ||
|---|---|---|---|
| 001 | u850006 | ||
| 003 | SIRSI | ||
| 005 | 201201201556 | ||
| 008 | 120120s2011 uk a v 000 0 eng m | ||
| 040 | |a UMM |e rda | ||
| 090 | |a QP363.3 |b Tio | ||
| 100 | 1 | |a Tiong, Sheena Yin Xin, |e author. | |
| 245 | 1 | 0 | |a Characterisation of interneurons in lamina II of the rat spinal cord / |c Tiong Yin Xin Sheena. |
| 264 | 1 | |c 2011. | |
| 264 | 4 | |c February 2011. | |
| 270 | |g Tiong Sheena Yin Xin. Institute of Biological Sciences, Faculty of Science, University of Malaya. E-Mail = stiong@um.edu.my. | ||
| 300 | |a [1] xiv, [1] 190 [15] leaves : |b illustration ; |c 30 cm. | ||
| 336 | |a text |2 rdacontent | ||
| 337 | |a unmediated |2 rdamedia | ||
| 338 | |a volume |2 rdacarrier | ||
| 502 | |b Ph.D |c Institute of Neuroscience and Psychology, College of Medical, Veterinary and Life Sciences, University of Glasgow |d 2011. | ||
| 504 | |a Bibliography: leaves 157-185. | ||
| 650 | 0 | |a Interneurons. | |
| 650 | 0 | |a Neurons. | |
| 650 | 0 | |a Neural circuitry. | |
| 710 | 2 | 0 | |a University of Glasgow. |b College of Medical, Veterinary and Life Sciences, |e degree granting institution. |
| 900 | |a ZA | ||
| 596 | |a 1 | ||
| 999 | |a QP363.3 TIO |w LC |c 1 |i A515033349 |d 3/9/2014 |f 3/9/2014 |g 1 |l STACKS |m P01UTAMA |r Y |s Y |t TESIS |u 3/9/2014 | ||
